Country by letter #7: All countries starting with the letter G - Statistics

General Stats
  • This quiz has been taken 32 times
  • The average score is 9 of 11
Answer Stats
Hint Answer % Correct
South America Guyana
96%
Africa Guinea
92%
Africa Guinea-Bissau
92%
Africa Ghana
88%
Europe Greece
88%
Europe Germany
85%
North America Grenada
85%
Africa Gabon
81%
Asia Georgia
81%
Africa Gambia
77%
South America Guatemala
77%
No matching quizzes found
Score Distribution
Percent of People with Each Score
Percentile by Number Answered
Your Score History
You have not taken this quiz